Returning to study : a guide for professionals /
Introduction. Thinking and learning. Working and communicating with others. Effective reading and listening. Planning to write. Effective writing. Writing a dissertation or report.
Sparad:
| Huvudupphovsman: | |
|---|---|
| Materialtyp: | Bok |
| Språk: | English |
| Publicerad: |
Buckingham :
Open University Press,
1999.
|
| Ämnen: | |
| Taggar: |
Lägg till en tagg
Inga taggar, Lägg till första taggen!
|
| Thư viện lưu trữ: | Mạng thư viện Đại học Đà Nẵng |
|---|
| LEADER | 01288cam a2200409 i 4500 | ||
|---|---|---|---|
| 001 | 000047866 | ||
| 003 | 7560 | ||
| 005 | 20030312100239.0 | ||
| 008 | 010326|1999 vm 000 eng | ||
| 020 | |a 0335201318 | ||
| 040 | |a IRC |c IRC |d IRC | ||
| 041 | 0 | |a eng | |
| 082 | 1 | 4 | |a 374.941 |b PO-S |
| 100 | 1 | |a Powell, Stuart. | |
| 245 | 0 | 0 | |a Returning to study : |b a guide for professionals / |c Stuart Powell. |
| 260 | |a Buckingham : |b Open University Press, |c 1999. | ||
| 300 | |a xi, 141 p. : |b ill. ; |c 21.5cm. | ||
| 520 | 3 | |a Introduction. Thinking and learning. Working and communicating with others. Effective reading and listening. Planning to write. Effective writing. Writing a dissertation or report. | |
| 630 | 0 | 4 | |a Education. |
| 630 | 0 | 4 | |a Higher education. |
| 630 | 0 | 4 | |a Continuing education. |
| 630 | 0 | 4 | |a Adult education. |
| 630 | 0 | 4 | |a Report writing. |
| 650 | 0 | 4 | |a Education, Higher |z Great Britain. |
| 650 | 0 | 4 | |a Adult education |z Great Britain. |
| 650 | 0 | 4 | |a Continuing education |z Great Britain. |
| 650 | 0 | 4 | |a Report writing. |
| OWN | |a DUT | ||
| 999 | |a From the UDN01 | ||
| TYP | |a Monograph | ||
| TYP | |a Printed language | ||
| 980 | |a Mạng thư viện Đại học Đà Nẵng | ||


